| 000 | 00469nam a22001697a 4500 | ||
|---|---|---|---|
| 999 |
_c526860 _d526860 |
||
| 003 | NUST | ||
| 038 | _awaseem | ||
| 082 |
_a016.89143 _bDUR |
||
| 100 |
_aDurani, Saeeda _914449 |
||
| 245 |
_aKitabiat Pakistani adab / _cSaeeda Durani |
||
| 260 |
_aPakistan : _bAkadmi Adbiat, _c2001. |
||
| 300 | _a420 p. ; | ||
| 500 | _aPapercover. | ||
| 880 |
_6100-01\r _aسعیدہ دُرّانی |
||
| 880 |
_6245-02\r _aکتابیات پاکستانی ادب / |
||
| 942 |
_2ddc _cBK |
||